000 00253nam a2200097Ia 4500
008 240331s9999 xx 000 0 und d
082 _bRAM
100 _aRamasamy, T
245 0 _aPanpaddu varalattu aaivukku nattupuraviyal aaivalanin pankalippu
942 _cL
999 _c3644
_d3644